| 000 | 01081cam a2200289 a 4500 | ||
|---|---|---|---|
| 001 | 707377 | ||
| 003 | ARRUPE | ||
| 005 | 20160824110127.0 | ||
| 008 | 970220s1997 mnu b 000 0 eng | ||
| 010 | _a 97007368 | ||
| 020 | _a0814624537 (pbk.)7 | ||
| 040 |
_aDLC _cDLC _dDLC |
||
| 041 | 1 |
_aeng _hger |
|
| 050 | 0 | 0 |
_aBV210.2 _b.R2613 1997 |
| 082 | 0 | 0 |
_a248.3/2 _221 |
| 100 | 1 |
_aRahner, Karl, _d1904-1984. _925402 |
|
| 245 | 1 | 4 |
_aThe need and the blessing of prayer / _cKarl Rahner ; translated by Bruce W. Gillette ; introduction by Harvey D. Egan. |
| 260 |
_aCollegeville, Minn. : _bLiturgical Press, _cc1997. |
||
| 300 |
_axxiii, 101 p. ; _c21 cm. |
||
| 500 | _a"A new translation of Father Rahner's book on prayer." | ||
| 504 | _aIncludes bibliographical references. | ||
| 650 | 0 |
_aPrayer _xChristianity. _99439 |
|
| 700 | 1 |
_aRahner, Karl, _d1904-1984. _tOn prayer. _925403 |
|
| 906 |
_a7 _bcbc _corignew _d1 _eocip _f19 _gy-gencatlg |
||
| 942 |
_2lcc _cMONOGRAPH |
||
| 999 |
_c125117 _d125117 |
||